00306nam a2200121 a 4500008004100000050001500041100001900056245004600075246001800121260002600139300001000165350000900175120416s1978 ||||||||||||||||| || u aHT 166 Str aStrettor, Hugh10aUrban planning in rich and poor Countries aHugh Stretton aOxfordbUniv. Pc1978 a220p. a0.00